Faculty of Law Library — Cairo University

Official Online Catalog

Arbitrage Civil Et Commercial En Droit Interne Et International Privé : (Record no. 46302)

MARC details
000 -LEADER
fixed length control field 01195nam a2200325 4500
003 - CONTROL NUMBER IDENTIFIER
control field EG-GICUC
005 - DATE AND TIME OF LATEST TRANSACTION
control field 20260121101349.0
008 - FIXED-LENGTH DATA ELEMENTS--GENERAL INFORMATION
fixed length control field 251126s1967 fr ||||fr|||| 001 0 fre d
040 ## - CATALOGING SOURCE
Original cataloging agency EG-GiCUC
Language of cataloging fre
Transcribing agency EG-GiCUC
Modifying agency EG-GiCUC
Description conventions Rda
041 ## - LANGUAGE CODE
Language code of text/sound track or separate title fre
082 04 - DEWEY DECIMAL CLASSIFICATION NUMBER
Edition number 21
Classification number 341.851
Item number R O . A
092 04 - LOCALLY ASSIGNED DEWEY CALL NUMBER (OCLC)
Edition number 21
099 ## - LOCAL FREE-TEXT CALL NUMBER (OCLC)
Classification number Law1 12 341.851 R O . A 4 ed - 1967
100 1# - MAIN ENTRY--PERSONAL NAME
Personal name Robert, Jean,
Relator term Auteur
245 10 - TITLE STATEMENT
Title Arbitrage Civil Et Commercial En Droit Interne Et International Privé :
Remainder of title suivi de formules pratiques /
Statement of responsibility, etc. Jean Robert.
250 ## - EDITION STATEMENT
Edition statement 4e éd.
264 #1 - PRODUCTION, PUBLICATION, DISTRIBUTION, MANUFACTURE, AND COPYRIGHT NOTICE
Place of production, publication, distribution, manufacture Paris :
Name of producer, publisher, distributor, manufacturer Dalloz,
Date of production, publication, distribution, manufacture, or copyright notice 1967 .
300 ## - PHYSICAL DESCRIPTION
Extent 660 page ;
Dimensions 24 cm.
336 ## - CONTENT TYPE
Source rda contenu
Content type term texte
337 ## - MEDIA TYPE
Source rda medias
Media type term Ordinateur
338 ## - CARRIER TYPE
Source transporteur rda
Carrier type term Ressource en ligne
500 ## - GENERAL NOTE
General note Previous editions published under title: Traité de l’arbitrage civil et commercial en droit interne.<br/>
504 ## - BIBLIOGRAPHY, ETC. NOTE
Bibliography, etc. note Comprend des références bibliographiques et un index.
546 ## - LANGUAGE NOTE
Language note Texte en français
650 1# - SUBJECT ADDED ENTRY--TOPICAL TERM
Topical term or geographic name entry element Arbitrage international
General subdivision Droit international privé
Source of heading or term qrmak
651 1# - SUBJECT ADDED ENTRY--GEOGRAPHIC NAME
Source of heading or term qrmak
856 40 - ELECTRONIC LOCATION AND ACCESS
Uniform Resource Identifier <a href="https://fll.law.cu.edu.eg/fulltext/bks/B12-01518.pdf">https://fll.law.cu.edu.eg/fulltext/bks/B12-01518.pdf</a>
905 ## - Cataloger and Reviser Names
Cataloger Name: Rawan khaled
Revisor Name: Yara
942 ## - ADDED ENTRY ELEMENTS (KOHA)
Source of classification or shelving scheme Dewey Decimal Classification
Suppress in OPAC No
Koha item type Books
Edition 21
Holdings
Withdrawn status Lost status Source of classification or shelving scheme Damaged status Not for loan Collection Home library Current library Date acquired Total checkouts Full call number Barcode Date last seen Copy number Price effective from Koha item type
    Dewey Decimal Classification   Not for loan القانون الدولي الخاص جــــامعة القــاهرة مكتبة كلية الحقوق - المبنى الرئيسي 26.11.2025   Law1 12 341.851 R O . A 4 ed - 1967 1201518 C1 B12-01518 26.11.2025 1 26.11.2025 Books

© All rights reserved — Faculty of Law, Cairo University